01664nam a2200217 4500008004100000020001800041041000800059092001800067100003400085245005600119250001100175260003600186300001100222500009200233505084300325590003001168655002101198942001301219999001501232952019901247200210e2013 sp ||||g |||| 000 0 spa d a9788466652353 aspa c808 l51sMEN1 aMendoza, Plinio Apuleyo94105 aGabo.bCartas y recuerdos /cPlinio Apuleyo Mendoza a1a ed. aBarcelona:bEdiciones B;c2013. a251 p. aMendoza, P. A. (2013). Gabo. Cartas y recuerdos. (1a ed.). Buenos Aires : Ediciones B.  aCuenta Plinio Apuleyo Mendoza que, a veces, su amigo Gabriel García Márquez, el novelista idolatrado por millones de lectores en todo el mundo, se libera del peso de su propio mito y vuelve a ser, simplemente, Gabo. Este libro nos habla de esos momentos. Del Gabo auténtico, conocido solo por su círculo más íntimo. Es un retrato emocionante y a ratos sorprendente del escritor colombiano, desde sus comienzos como aspirante a periodista hasta su consagración definitiva con el Premio Nobel de Literatura. Además, el libro incluye once cartas inéditas escritas por Gabo a Plinio, su confidente literario. Se trata de documentos de un extraordinario valor, en los que el novelista expresa sus dudas, dificultades y esperanzas durante la escritura de obras maestras como Cien años de soledad o El otoño del patriarca.  aDonación, febrero 2020. aLiteratura92917 2ddccLIT c3059d3059 00102ddc4070aBFMbBFMcCRd2020-02-11eDonación Constanzo Juan Carlos, Febrero 2020l0o808 51 MENp4610r2020-02-11tEj. 1w2020-02-11yLITzDonación Constanzo Juan Carlos, Febrero 2020